Histoire générale du droit français public et privé des origines á 1815 / (Record no. 52580)

MARC details
000 -LEADER
campo de control de longitud fija 00735nam a2200169 i 4500
001 - NÚMERO DE CONTROL
campo de control 52580
003 - IDENTIFICADOR DE NÚMERO DE CONTROL
campo de control ES-MaACL
005 - FECHA Y HORA DE LA ÚLTIMA TRANSACCIÓN
campo de control 20230906162615.0
007 - CAMPO FIJO DE DESCRIPCIÓN FÍSICA--INFORMACIÓN GENERAL
campo de control de longitud fija t|
008 - DATOS DE LONGITUD FIJA--INFORMACIÓN GENERAL
campo de control de longitud fija 030901s1926 fr ||||1| fre d
100 1# - ENTRADA PRINCIPAL--NOMBRE DE PERSONA
Nombre de persona Chénon, Emile.
9 (RLIN) 38344
245 10 - MENCIÓN DEL TÍTULO
Título Histoire générale du droit français public et privé des origines á 1815 /
Mención de responsabilidad, etc. par Emile Chénon.
260 ## - PUBLICACIÓN, DISTRIBUCIÓN, ETC.
Lugar de publicación, distribución, etc. Paris :
Nombre del editor, distribuidor, etc. Recueil Sirey,
Fecha de publicación, distribución, etc. 1926 (
Lugar de fabricación/manufactura Bar-le-Duc :
Fabricante Imp. Contaut Laguerre)
300 ## - DESCRIPCIÓN FÍSICA
Extensión 2 v. ;
Dimensiones 23 cm.
505 8# - NOTA DE CONTENIDO CON FORMATO
Nota de contenido con formato Contiene: V. I: Periode gallo-romaine. Periode franko. Periode feodale et contumiere. -- V. II: Fasc. I: Periode feodale et contumiere (du X au XVI siecle). Periode monarchique / publie par les sous de Oliver-Martin
852 ## - LOCALIZACIÓN
Ubicación ES-MaACL
Número de control de estantería A-1555-56
Holdings
Estatus retirado Estado de pérdida Estado de daño No para préstamo Biblioteca de origen Biblioteca actual Ubicación en estantería Fecha de adquisición Fuente de adquisición Total de préstamos Signatura topográfica completa Código de barras Visto por última vez Precio de reemplazo Tipo de ítem Koha
        Biblioteca del Ateneo de Madrid Biblioteca del Ateneo de Madrid Sala Pecera Planta 1 17/01/2008     A-1555-56 1055263 23/02/2023 23/02/2023 Libro impreso